00598nam a2200205Ia 4500003000400000005001700004008004100021020002400062040000700086041000800093082001600101100002200117245003900139260002000178300000900198650002200207942001300229999001900242952013100261OSt20251205111519.0250729s2005 xx 000 0 und d a ‎ 978-8171418275 cAL aeng a370.78 ASMC aAsma Noor9225774 aCreativity of bed teacher trainees aNew Delhic2005 a170p aEducation9225775 2ddccBED c237069d237069 00104070aALbALd2025-07-29eSita Book Houseg190.00l0o370.78 ASMCpBED02388r2025-07-29 16:55:21v190.00w2025-07-29yBK